| 000 | 00340nam a2200133Ia 4500 | ||
|---|---|---|---|
| 008 | 240624s9999 xx 000 0 und d | ||
| 041 | _aeng | ||
| 082 | _a658.15 MAY | ||
| 100 | _aMAYER COLIN | ||
| 245 | _aFIRM COMMITMENT WHY THE CORPORATE IS FAL | ||
| 260 |
_c2013 _aUSA _bOxford University Press |
||
| 300 | _a192 : p. | ||
| 365 |
_cBPS _b29 |
||
| 999 |
_c21411 _d21411 |
||